Detroit Pistons 2020s Top 10 Leaders - Statistics

General Stats
  • This quiz has been taken 211 times
    38 since last reset
  • The average score is 8 of 17
Answer Stats
Player % Correct
Cade Cunningham
100%
Jalen Duren
100%
Isaiah Stewart
77%
Ausar Thompson
74%
Tobias Harris
74%
Jaden Ivey
68%
Andre Drummond
58%
Bojan Bogdanović
42%
Killian Hayes
35%
Ron Holland
35%
Paul Reed
32%
Jerami Grant
26%
Saddiq Bey
26%
Marcus Sasser
19%
Derrick Rose
10%
Cory Joseph
6%
Hamidou Diallo
6%
No matching quizzes found
Score Distribution
Percent of People with Each Score
Percentile by Number Answered
Your Score History
You have not taken this quiz since the last reset